000
00290nmm a2200097Ia 4500
008
220120s9999||||xx |||||||||||||||||und||
082
_a
003 HIL
100
_a
Hillier, Frederick, S. and Lieberman, Gerald, J
245
0
_a
Introduction to operations research concepts and cases
260
_c
2005
999
_c
139303
_d
139303